000 00559nam a2200181Ia 4500
999 _c16750
_d16750
003 OSt
005 20200606120003.0
008 190216s9999||||xx |||||||||||||| ||und||
020 _a9788186304969
040 _cMESKC library
082 _a491.4382421
_bSIN/S
100 1 _aSingh, Braj Kishore Prasad
_9164
245 0 _aSamanya Hindi Vyakaran /
_cDr. Braj Kishore Prasad Singh
260 _bBharath Pusthak Bhandar,
_c2011.
_aDelhi :
300 _a320p
650 _aHindi
942 _cBK
_2ddc
_h491.4382421
_iSIN/S
_k491.4382421
_mSIN/S